| 000 | 02367nam0a2200373 4500 | ||
|---|---|---|---|
| 001 | RU\NLR\BIBL_A\022004650 | ||
| 005 | 20231003104815.0 | ||
| 010 |
_a978-5-00044-961-5 _9125 |
||
| 021 |
_aRU _bКН-П-23-041297 _9КН-П-23-4129 |
||
| 035 | _a(NLR Aleph) 022004650 | ||
| 035 | _a(RuMoRGB)011881203 | ||
| 090 |
_a12464793 _c12464793 |
||
| 100 | _a20230814d2023 k y0rusy50 ca | ||
| 101 | 0 | _arus | |
| 102 | _aRU | ||
| 105 | _aac z 100zy | ||
| 181 | 0 |
_ai3 _baxxe |
|
| 182 | 0 | _an | |
| 200 | 1 |
_aВоронежская область в Великой Отечественной войне: вклад в общую Победу _eматериалы всероссийской научно-практической конференции, 24 января 2023 г., г. Воронеж _fПравительство Воронежской области [и др.] _gредакционная коллегия: доктор исторических наук, профессор С. И. Филоненко (ответственный рндактор) [и др.] |
|
| 203 |
_aТекст _bвизуальный _cнепосредственный |
||
| 210 |
_aВоронеж _cВоронежский государственный педагогический университет _d2023 |
||
| 215 |
_a503 с., [8] л. цв. ил., портр. _d25 |
||
| 320 | _aБиблиогр. в конце ст. | ||
| 606 | 1 |
_aВеликая Отечественная война _jСъезды, совещания и т.п _yВоронежская область _z1941 - 1945 _91225270 _3RU\NLR\AUTH\66180836 |
|
| 686 | 1 | _aТ3(2)722.9-9(2Р-4Вр)я431 | |
| 686 | 1 | _aЦ35(2)722(2Р-4Вр)я431(2) | |
| 702 | 1 |
_aФилоненко _bС. И. _f1958- _gСергей Иванович _4340 |
|
| 711 | 1 | 2 |
_a"Воронежская область в Великой Отечественной войне: вклад в общую Победу", всероссийская научно-практическая конференция _eВоронеж _f2023 _9857253 _3RU\NLR\AUTH\880595973 |
| 712 | 0 | 1 |
_4557 _aВоронежская область _bПравительство _9358062 _3RU\NLR\AUTH\8810236388 |
| 942 | _cBOOK | ||
| 980 | _aNB | ||